Performance Management/ (Record no. 196842)

MARC details
000 -LEADER
fixed length control field 00742nam a22001937a 4500
005 - DATE AND TIME OF LATEST TRANSACTION
control field 20230920170808.0
010 ## - LCCN (DPL NO)
LC control number ENG-137429
020 ## - INTERNATIONAL STANDARD BOOK NUMBER
International Standard Book Number 9789380831053
Terms of availability 199.00
035 ## - SYSTEM CONTROL NUMBER
System control number EN-120961
037 ## - SOURCE OF ACQUISITION
Source of stock number/acquisition DBAD/PUB
082 ## - DEWEY DECIMAL CLASSIFICATION NUMBER
Classification number 658.3125
100 ## - MAIN ENTRY--PERSONAL NAME
Personal name Rao, T.P. Surya Chandra
245 ## - TITLE STATEMENT
Title Performance Management/
Statement of responsibility, etc By T.P. Surya Chandra Rao and edited by Adusumili santoshi roopa
260 ## - PUBLICATION, DISTRIBUTION, ETC. (IMPRINT)
Place of publication, distribution, etc Hyderabad
Name of publisher, distributor, etc Studentshelpline Publishing House Pvt.Ltd
Date of publication, distribution, etc 2011
270 ## - ADDRESS
Address 326/C, Surneni Nilayam, Near B K Guda Park, S.R. nagar
City Hyderabad
Postal code 500038
Telephone number 9440575657, 32494570
Electronic mail address Studentshelpline.in@gmail.com
300 ## - PHYSICAL DESCRIPTION
Extent 294pg.
Dimensions 24cm(pb)
700 ## - ADDED ENTRY--PERSONAL NAME
Personal name Roopa, Adusumili santoshi
9 (RLIN) 57192
942 ## - ADDED ENTRY ELEMENTS (KOHA)
Source of classification or shelving scheme Dewey Decimal Classification
Item type Hindi Books
Classification part 658.3125
Call number suffix RAO
Holdings
Withdrawn status Lost status Not for loan Collection code Home library Current library Date acquired Source of acquisition Cost, normal purchase price Full call number Barcode Copy number Cost, replacement price Koha item type
      Non-fiction D.B.Act.Division Mobile Library 01/08/2023 DBAB/PUB 199.00 658.3125 RAO EN-120961 1 199.00 English Books

© Delhi Public Library
Hit Counter
free hit counter